RDA targets need links with regional priorities (Record no. 73912)

MARC details
000 -LEADER
fixed length control field 00978cam a2200181 4500
001 - CONTROL NUMBER
control field WB3946-04
008 - FIXED-LENGTH DATA ELEMENTS--GENERAL INFORMATION
fixed length control field 031202n2003 000 0 eng u
035 ## - SYSTEM CONTROL NUMBER
System control number (Sirsi) u124548
245 ## - TITLE STATEMENT
Title RDA targets need links with regional priorities
260 ## - PUBLICATION, DISTRIBUTION, ETC.
Date of publication, distribution, etc. 2003
490 ## - SERIES STATEMENT
Series statement Regeneration and Renewal
Volume/sequential designation 28 November 2003, 12(1)
520 ## - SUMMARY, ETC.
Summary, etc. Regional development agencies (RDAs) need targets that are more closely linked to regional priorities, claims a National Audit Office report. The report says RDAs feel targets set by central government do not help direct activities to regional priorities. NAO recommends simplyfying the RDAs targets, aligning them more closely with regional strategies and government departments' public service agreement targets. "Success in the regions" is available from http://www.nao.gov.uk.
590 ## - LOCAL NOTE (RLIN)
Local note WB
650 ## - SUBJECT ADDED ENTRY--TOPICAL TERM
Topical term or geographic name entry element REGIONAL DEVELOPMENT AGENCIES
650 ## - SUBJECT ADDED ENTRY--TOPICAL TERM
Topical term or geographic name entry element REGIONAL DEVELOPMENTS
690 ## - LOCAL SUBJECT ADDED ENTRY--TOPICAL TERM (OCLC, RLIN)
Topical term or geographic name as entry element PROPERTY-PROPERTY DEVELOPMENT
942 ## - ADDED ENTRY ELEMENTS (KOHA)
Suppress in OPAC 0
Holdings
Withdrawn status Lost status Source of classification or shelving scheme Damaged status Not for loan Home library Current library Shelving location Date acquired Total Checkouts Full call number Barcode Date last seen Copy number Price effective from Koha item type
    Dewey Decimal Classification     London London News article 02/12/2003   WB3946-04 124548-1001 06/08/2019 1 06/08/2019 News article